1260 1503 1085 1254 1478 1265 1765 1482 1109 1565 1951 1948 1569 1316 1346 1128 1060 1978 1166 1360 1532 1392 1756 1141 1561 1953 1342 1477 1091 1661 1153 1045 1420 1359 1255 1232 1345 1082 1498 1967 1931 1569 1818 1183 1840 1347 1634 1206 1414 1641 1284 1456 1498 1730 1764 1053 1614 1967 1669 1341 1995 1501 1079 1682 1272 1164 1196 1184 1159 1690 1610 1617 1366 1656 1733 1544 1685 1355 1753 1259 1359 1580 1043 1250 1679 1125 1683 1513 1325 1083 1166 1785 1672 1617 1176 1449 1300 1091 1794 BCNSPRNW ULIB Ver.6.0+V

เปลี่ยนเป็นภาษาไทย

Change to English
 แสดงรายละเอียดบรรณานุกรม
  กลับหน้าหลัก

Brief Record : Get Marc (ISO 2709) : E-mail record : QR code < ปิดหน้าต่าง
LEADER : 00000nam 2200000uu 4500
001    13399127523
003     ULIB
008    210113s||||||||th 000 0 tha d
020    ^a9786165681216
040    ^anss
060 04 ^aWY160^bก492
100 0  ^aผกาพันธุ์ วุฒิลักษณ์
245 10 ^aการพยาบาลผู้ป่วยโรคจิตเภท: บทบาทและกระบวนการ /^cผกาพันธุ์ วุฒิลักษณ์
250    ^aพิมพ์ครั้งที่ 3
260    ^aเชียงใหม่ :^bดีไซน์ปริ้นท์ มีเดีย,^c2563
300    ^aจ, 126 หน้า ;^c25 ซม.
650  4 ^aการพยาบาลจิตเวชศาสตร์
650  4 ^aจิตเภท
710 2  ^aมหาวิทยาลัยเชียงใหม่.^bคณะพยาบาลศาสตร์
945    ^p250^l0^i28421
945    ^p250^l0^i28422
945    ^p250^l0^i28423
945    ^p250^l0^i28424
945    ^p250^l0^i28425
995    ^aกัณชพร จุลอักษร
999    ^aกัณชพร
รายการนี้ยังไม่มีแท็ก
คุณยังไม่ได้ล็อกอิน คุณสามารถมีกิจกรรมร่วมกับเว็บไซต์ได้ แต่ต้องล็อกอินก่อน ::
  ล็อกอิน

รายการสื่อสารสนเทศ

ลำดับที่ ประเภท เลขเรียก/บาร์โค้ด สถานที่ สถานะ
1. หนังสือสำรอง
หนังสือสำรอง
WY160 ก492 ฉ.1 
  Barcode: 28421
ห้องสมุดวิทยาเขตนครสวรรค์
►หนังสือทั่วไป:l:General Books
บนชั้น
2. วิทยาศาสตร์การแพทย์ และสุขภาพ
วิทยาศาสตร์การแพทย์ และสุขภาพ
WY160 ก492 ฉ.2 
  Barcode: 28422
ห้องสมุดวิทยาเขตนครสวรรค์
►หนังสือทั่วไป:l:General Books
บนชั้น
3. วิทยาศาสตร์การแพทย์ และสุขภาพ
วิทยาศาสตร์การแพทย์ และสุขภาพ
WY160 ก492 ฉ.3 
  Barcode: 28423
ห้องสมุดวิทยาเขตนครสวรรค์
►หนังสือทั่วไป:l:General Books
บนชั้น
4. วิทยาศาสตร์การแพทย์ และสุขภาพ
วิทยาศาสตร์การแพทย์ และสุขภาพ
WY160 ก492 ฉ.4 
  Barcode: 28424
ห้องสมุดวิทยาเขตนครสวรรค์
►หนังสือทั่วไป:l:General Books
บนชั้น
5. วิทยาศาสตร์การแพทย์ และสุขภาพ
วิทยาศาสตร์การแพทย์ และสุขภาพ
WY160 ก492 ฉ.5 
  Barcode: 28425
ห้องสมุดวิทยาเขตนครสวรรค์
►หนังสือทั่วไป:l:General Books
บนชั้น

รายการใกล้เคียง
    ผู้แต่ง [ผกาพันธุ์ วุฒิลักษณ์]

    หัวเรื่อง [การพยาบาลจิตเวชศาสตร์]
    หัวเรื่อง [จิตเภท]

BibComment


ยังไม่เคยถูกคอมเมนท์

คอมเมนท์ทรัพยากรรายการนี้
  คอมเมนท์: การพยาบาลผู้ป่วย..


 Copyright 2026. Bcnsprnw @Library